000 01720cam a2200445 a 4500
001 15744727
003 OSt
005 20170105102902.0
008 090520s2010 enk 001 0 eng
010 _a 2009021099
015 _aGBA944550
_2bnb
016 7 _a015174930
_2Uk
020 _a9780415547383 (cloth : alk. paper)
020 _a0415547385 (hardback)
020 _a9780203865323 (ebook)
020 _a0203865324 (ebook)
035 _a(OCoLC)ocn311789650
040 _aDLC
_cDLC
_dBTCTA
_dUKM
_dYDXCP
_dBWKUK
_dBWK
_dCDX
_dDLC
043 _ad------
050 0 0 _aJF60
_b.M385 2010
082 0 0 _a332/.0415091724
_222
082 0 0 _a321.8091724
_222
_bMCG 2010
100 1 _aMcGann, James G.
245 1 0 _aDemocratization and market reform in developing and transitional countries :
_bthink tanks as catalysts /
_cJames G. McGann.
260 _aLondon ;
_aNew York :
_bRoutledge,
_c2010.
300 _aviii, 247 p. ;
_c24 cm.
490 0 _aRoutledge research in comparative politics ;
_v29
500 _aIncludes index.
650 0 _aDemocratization
_zDeveloping countries.
650 0 _aStructural adjustment (Economic policy)
_zDeveloping countries.
650 0 _aDemocratization
_zDeveloping countries
_vCase studies.
650 0 _aStructural adjustment (Economic policy)
_zDeveloping countries
_vCase studies.
650 0 _aPolicy sciences.
650 0 _aResearch institutes.
651 0 _aDeveloping countries
_xEconomic policy.
651 0 _aDeveloping countries
_xEconomic policy
_vCase studies.
906 _a7
_bcbc
_corignew
_d1
_eecip
_f20
_gy-gencatlg
942 _2ddc
_cBK
999 _c14685
_d14685